Skład Borussi Dortmund w Bundeslidze 2024/25 - Statystyki

Ogólne statystyki
  • Ten quiz został rozwiązany 67 razy
  • Średni wynik to 18 z 29
Statystyki odpowiedzi
Numer Zawodnik % Poprawnych
1 Gregor Kobel
100%
4 Nico Schlotterbeck
88%
- Serhou Guirassy
86%
25 Niklas Süle
84%
27 Karim Adeyemi
83%
10 Julian Brandt
79%
23 Emre Can
76%
43 Jamie Bynoe-Gittens
74%
26 Julian Ryerson
74%
20 Marcel Sabitzer
72%
2 Yan Couto
72%
5 Ramy Bensebaini
69%
3 Waldemar Anton
69%
7 Giovanni Reyna
67%
35 Marcel Lotka
67%
14 Maximilian Beier
66%
6 Salih Özcan
66%
33 Alexander Meyer
64%
8 Felix Nmecha
62%
13 Pascal Groß
62%
21 Donyell Malen
57%
16 Julien Duranville
55%
9 Sébastien Haller
47%
18 Youssoufa Moukoko
38%
42 Almugera Kabar
31%
38 Kjell Watjen
29%
44 Soumaila Coulibaly
24%
- Cole Campbell
22%
32 Abdoulaye Kamara
12%
Nie znaleziono quizów pasujących do podanych kryteriów
Rozkład punktacji
Procent ludzi z każdym wynikiem
Percentyl według liczby udzielonych odpowiedzi
Twoja historia wyników
Nie rozwiązałeś tego quizu